00597cam a22001572 4500001001100000005001700011008004100028020002800069040001500097245011900112260003700231300001700268650008100285700003700366700003600403000000601120151217155830.0070912s xx 000 0 eng d a0896297373 :cKES 1,560 aKABUcKABU10aBiotechnology, agriculture, and food security in South Africa. /ced. by Steven Were Omamo and Klaus von Grebmer. aWashington D.C. :bIFPRT,c2005. aviii, 297 p. 0aAgricultural biotechnologyxGovernment policyzAfrica, Southern.@00001573561 aOmamo, Stephen Were.@00001573571 aGrebmer, Klaus von.@0000157358